000 00455nam a22001697a 4500
003 MPLRDC
005 20220104144358.0
008 210129b ||||| |||| 00| 0 eng d
082 _a414.42 SHZY
100 _a上海中医学院, 中医基础理论教研组编著
245 _a中医方剂临床手册
_c
250 _a一版二刷
260 _a
_b上海人民出版社
_c1973
300 _b
650 _a中药配制
942 _cBK
_o414.42 SHZY
999 _c49034
_d49024